| 000 | 00823cam a2200253 a 4500 | ||
|---|---|---|---|
| 001 | 4927279 | ||
| 005 | 20180112070518.0 | ||
| 008 | 951113s1996 kyua b s001 0 eng | ||
| 010 | _a 95047152 | ||
| 020 | _a0813119707 (cloth : acidfree recycled paper) | ||
| 020 | _a0813108691 (paperback : acidfree recycled paper) | ||
| 040 |
_aDLC _cDLC _dDLC |
||
| 041 | _aeng | ||
| 043 | _an-us--- | ||
| 080 | _a320..082 MAR | ||
| 082 | 0 | 0 |
_a320..082 MAR _220 |
| 100 | 1 | _a21 | |
| 101 | _aPOL | ||
| 245 | 1 | 0 |
_aWomen politicians and the media / _cMaria Braden. |
| 504 | _aIncludes bibliographical references (p. 219-224) and index. | ||
| 906 |
_a7 _bcbc _corignew _d1 _eocip _f19 _gy-gencatlg |
||
| 942 |
_2ddc _cBK |
||
| 999 |
_c40209 _d40209 |
||